كتاب فرق الشيغة/ (Record no. 5793)
[ view plain ]
| 000 -الفاتح | |
|---|---|
| حقل البيانات ثابتة الطول | 01049nac a22002171u 4500 |
| 008 - عناصر البيانات ثابتة الطول - معلومات عامة | |
| حقل البيانات ثابتة الطول | 100811s1992 Mr|||||r|||| 000 0 ara d |
| 082 ## - رقم تصنيف ديوى العشرى | |
| رقم التصنيف | 245 |
| رقم المادة | ن و ب |
| 100 ## - المدخل الرئيسى - إسم شخصى | |
| الإسم الشخصى | النوبختي، الحسن بن موسى |
| 9 (RLIN) | 17423 |
| 245 ## - بيان العنوان | |
| العنوان | كتاب فرق الشيغة/ |
| بيان المسئوليه,etc | الحسن بن موسى النوبختي، سعد بن عبدالله القمي؛ تحقيق وتصحيح عبدالمنعم الحفني |
| 260 ## - PUBLICATION, DISTRIBUTION, ETC. (IMPRINT) | |
| مكان الناشر او الموزع | [القاهرة]: |
| اسم الناشر او الموزع | دار الرشاد، |
| تاريخ النشر أو التوزيع | 1992 |
| 300 ## - الوصف المادى | |
| التعداد | 110 ؛ص |
| أبعاد الوعاء | 24 سم |
| 504 ## - تبصرة ببليوجرافية | |
| تبصرة ببليوجرافية,الخ | يشتمل على إرجاعات ببليوجرافية |
| 511 ## - | |
| -- | Catalogued by: Sara |
| 541 ## - تبصرة المصدر المباشر للتزويد | |
| مصدر التزويد | الف باء |
| طريقة التزويد | شراء |
| 650 ## - المدخل الاضافى بالموضوع-مصطلح موضوعى | |
| مصطلح موضوعي أو اسم جغرافي كعنصر مدخل | الفرق الإسلامية |
| 9 (RLIN) | 13294 |
| 650 ## - المدخل الاضافى بالموضوع-مصطلح موضوعى | |
| مصطلح موضوعي أو اسم جغرافي كعنصر مدخل | الشيعة |
| 9 (RLIN) | 13293 |
| 700 ## - المدخل الاضافى - اسم شخصى | |
| الإسم الشخصى | القمي،سعد بن عبدالله |
| 9 (RLIN) | 17430 |
| 700 ## - المدخل الاضافى - اسم شخصى | |
| الإسم الشخصى | الحفني، عبدالمنعم |
| 9 (RLIN) | 17431 |
| 942 ## - عناصر المدخل الإضافي( كوها) | |
| Koha [default] item type | Book - Borrowing |
| سابقة رقم الطلب | 245 ن و ب |
| مصدر التصنيف او مخطط الترفيف | Dewey Decimal Classification |
| حالة التراجع | حالة الفقد | مصدر التصنيف او خطة الترفيف | حالة تلف | ليس للاعارة | مجموعات كوها | المكان الدائم | المكان الحالي | موقع الترفيف | تاريخ الاكتساب | Source of acquisition | رقم الاستدعاء | الباركود | Date last seen | مُعار | نوع الوعاء |
|---|---|---|---|---|---|---|---|---|---|---|---|---|---|---|---|
| Dewey Decimal Classification | Alef-Baa | Central Library | Central Library | Lower Floor | 11/08/2010 | 245 ن و ب | 000007427 | 15/07/2025 | 04/04/2016 | Book - Borrowing |